00226 a2200085 450000100060000008200190000610000140002524500740003926000270011363334 a025.0028522LAK alakshmi,V aDigital Libraries: issues of digital library environment (03 vol Set) bIsha Bookc2004aDelhi